| 000 | 00994nam a2200325 a 4500 | ||
|---|---|---|---|
| 001 | 000108306 | ||
| 003 | CHAP | ||
| 005 | 20220329144007.0 | ||
| 008 | 140124s2007 ne ab |r| |||1|||eng|d | ||
| 010 | _a104768 | ||
| 011 | _a105740 | ||
| 020 | _a9781402064845 | ||
| 040 | _cCHAP | ||
| 082 | 0 | 4 |
_a333.730113 _bM68 |
| 245 | 0 | 0 |
_aModelling land use change : _bProgress and applications / _cpor Eric Koomen ...[et al.]. |
| 260 | 3 |
_aDordrecht, Holanda : _bSpringer, _c2007. |
|
| 300 |
_axvii, 392 p. : _bil., maps. |
||
| 490 | 0 | 4 |
_aThe geojournal library _v90 |
| 534 | _pTít. original : | ||
| 590 |
_aBATCH-UPD _b05 _c20140124 _lUCH01 _h1132 |
||
| 590 |
_aE11695DGD _b10 _c20140124 _lUCH01 _h1232 |
||
| 590 |
_aE792CSJ _b05 _c20140124 _lUCH01 _h1131 |
||
| 650 | 1 | 4 |
_aTierras _xPlaneación. _9125243 |
| 650 | 1 | 4 |
_aUso de la tierra _xSimulación. _9125242 |
| 700 | 1 |
_aKoomen, Eric _eed. _9125241 |
|
| 830 | 4 |
_aThe geojournal library _v90 _9125240 |
|
| 901 | _aBK | ||
| 942 | _cLIBRO | ||
| 942 | _n0 | ||
| 999 |
_c104768 _d104768 |
||